Państwa według opisu z Wikipedii #3 - Statystyki

Ogólne statystyki
  • Ten quiz został rozwiązany 2 537 razy
  • Średni wynik to 10 z 20
Statystyki odpowiedzi
Wskazówka Odpowiedź % Poprawnych
"Szczyt rozwoju monarchia (...) osiągnęła w XVII wieku pod rządami Ludwika XIV" Francja
96%
"Ponad 80% powierzchni kraju pokrywają góry o średniej wysokości ok. 6000 m n.p.m." Nepal
83%
"Kanał (...) zbudowany w latach 1904–1914, jest jedną z najważniejszych dróg morskich świata" Panama
77%
"Z tych drobnych państw chrześcijańskich z czasem wyłoniły się dwa silne królestwa: Kastylia i Aragonia." Hiszpania
74%
"Tu urodzili się bracia Józef i Michael Haydn oraz Johann Strauss" Austria
73%
"Od V wieku naszej ery wyspa była chrystianizowana (...) zaś w VIII wieku rozpoczęła się inwazja wikingów" Irlandia
69%
"Afroamerykanie zaś, pierwotnie niewolnicy, wskutek krwawej wojny secesyjnej w latach 60. XIX wieku i wygranej przez przeciwników niewolnictwa zostali uwolnieni" Stany Zjednoczone
69%
"Jest jednym z 9 krajów mających broń atomową oraz jest jedynym państwem islamskim z takim uzbrojeniem" Pakistan
65%
"Konstytucyjną stolicą jest Sucre, siedzibą rządu jest La Paz." Boliwia
60%
"W części wschodniej – rozległe równiny, zajęte w części południowej przez amazoński las deszczowy, a w północnej – sawannę (...) wzdłuż wybrzeży – niziny" Kolumbia
55%
"Po śmierci ajatollaha Chomejniego w 1989 roku rzeczywistym przywódcą kraju został Ali Chamenei." Iran
53%
"8 grudnia 2024 siły opozycyjne zdobyły stolicę (...) obalając rząd Baszszara al-Asada i kończąc 53-letnie rządy rodziny Asadów w kraju" Syria
49%
"Na północy przeważa teren górzysty i wyżynny. Tu przebiegają pasma gór Serra do Larouco (1525 m n.p.m.), Serra do Marão (1415 m n.p.m.) i Serra da Estrela (1993 m n.p.m.)" Portugalia
48%
"Łączna długość wybrzeża karaibskiego i pacyficznego wynosi 1290 km." Kostaryka
29%
"Głową państwa jest wielki książę, który powołuje rząd z premierem na czele, odpowiedzialny przed jednoizbowym parlamentem." Luksemburg
29%
"Od 1991 roku w [kraju] trwa wojna domowa. W 2011 [państwo zajęło] 1. miejsce (...) w rankingu państw o najtrudniejszych warunkach do życia." Somalia
29%
"W okresie napoleońskim (...) starali się zachować neutralność prowadząc handel z oboma obozami." Dania
18%
"Do zjednoczenia [kraju] doszło w 1990. Pierwsze demokratyczne wybory miały miejsce w 1993." Jemen
10%
"W mieście Hévíz znajduje się największe na świecie jezioro termalne – Hévíz." Węgry
10%
"Rozciąga się 235 km od cypla Morant Point na wschodzie po Negril na zachodzie" Jamajka
5%
Nie znaleziono quizów pasujących do podanych kryteriów
Rozkład punktacji
Procent ludzi z każdym wynikiem
Percentyl według liczby udzielonych odpowiedzi
Twoja historia wyników
Nie rozwiązałeś tego quizu